000 00698nam a2200253Ia 4500
003 OSt
005 20220926015050.0
006 a|||||r|||| 00| 0
007 ta
008 220923b |||||||| |||| 00| 0 eng d
037 _cGeneral Book
040 _aRTL
_cRTL
_beng
041 _2eng
_aeng
082 _aX:89V, M2
100 _aTersine Richard J
_9126162
245 0 _aPrinciples of inventory and materials menagement
250 _a2
260 _aNew York
_bNorth Holland USA
_c1982
300 _axii, 477p.
_ccm.
500 _aBibliography P 461-65
650 _aStore Management
942 _hX:89V, M2
_cGB
_2CC
999 _c630486
_d630486